01210nam a2200253 a 450000100100000000500170001000800410002702000180006804000250008608200150011111001100012624500710023626000520030730000220035949000540038159000270043550400280046270000410049083000570053195201190058895201130070795201190082099900170093900004744420201002060537.0141215s2016 dr 000 0 spa d a9789945477245 aDO-SdBNPbspacBNPHU axxxxbxxxx1 aRepública Dominicana.bPoder JudicialbDirección de Familia, Niñez, Adolescencia y Género.97507610aDiscapacidad /cproducción general Yolanda Iluminada González. aSanto Domingo :bPoder JudicialbDIFNAG,c2016. a42 p. : ;c27 cm.1 aAlfabetización en derechos ;aDiscapacidad ;v2 aInventariado, 2018/ YL aBibliografía p: 41-421 aGonzález, Yolanda Iluminada975077 0aAlfabetización en derechos. Discapacidadn2975078 0010718DSaGRbGRcCTd2018-05-29iLF1l0oxxxx xxxxp47444-30r2020-06-25te. 3w2020-06-25yLFDSZNo se presta 0010718PDaPDbPDcCTd2018-05-29iLF1l0oxxxx xxxxp47444-10r2020-06-25w2020-06-25yLFPDZNo se presta 0010718PDaPDbPDcCTd2018-05-29iLF1l0oxxxx xxxxp47444-20r2020-06-25te. 2w2020-06-25yLFPDZNo se presta c46932d46932